000 00817nam a22002657i 4500
003 URS
005 20230817135601.0
008 170113b xxu||||| |||| 00| 0 eng d
020 _a9788183569439
040 _cURS
050 0 0 _aH85
_b.L5101 2011
100 1 _aLee, Marsh P.
_eauthor.
245 1 0 _aEducational Tourism /
_cMarsh P Lee.
264 1 _aNew Delhi :
_bDiscovery Publisher House,
_c[date of publication not idenfitied].
264 4 _a©2011.
300 _a271 pages ;
_b20 cm
336 _atext
_btxt
_2rdacontent
337 _aunmediated
_bn
_2rdamedia
338 _avolume
_bnc
_2rdacarrier
504 _aIncludes bibliographies and index.
524 _aLee, M. P. (2011). Educational Tourism. New Delhi: Discovery Publisher House.
650 0 _aEducation
650 0 _aTourism
942 _cR
_2lcc
999 _c72459
_d72458